|
|
|
|
| LEADER |
00000nam a2200000 i 4500 |
| 001 |
1/29494 |
| 008 |
130515s2011 eng d |
| 020 |
|
|
|a 978-0-470-74693-6
|
| 035 |
|
|
|l 10114389
|
| 040 |
|
|
|a GR-MY-UA
|b gre
|e aacr
|
| 041 |
0 |
|
|a eng
|
| 082 |
0 |
|
|a 657.458
|2 (22)
|
| 100 |
1 |
|
|a Pickett, K. H. Spencer.
|
| 245 |
1 |
4 |
|a The essential guide to internal auditing /
|c K.H. Spencer Pickett
|
| 250 |
|
|
|a 2η έκδ.
|
| 260 |
|
|
|a West Sussex :
|b Wiley,
|c c2011
|
| 300 |
|
|
|a xii, 367 σ.;
|b σχέδια;
|c 24 εκ.
|
| 504 |
|
|
|a Περιέχει βιβλιογραφικές παραπομπές και ευρετήριο
|
| 650 |
0 |
0 |
|a Auditing, Internal.
|
| 852 |
|
|
|a INST
|b CHIOS
|e 20130515
|h 657.458 PIC
|p 005200030233
|q 005200030233
|t BK
|y 0
|
| 901 |
|
|
|a BIBL2-2013-2
|
| 909 |
|
|
|a Χ
|b 177574
|
| 922 |
|
|
|a 2ΕΛΗ
|b 201210
|c ΤΑΚ/ΤΔΕ
|d ΙΩΑΝΝΙΔΟΥ
|
| 970 |
|
|
|a ΣΠΕΝΤΖΑ
|b ΕΛΕΝΗ
|z 2013/05/15
|